Profesijné zmeny vo vzťahu ku štrukturálnym zmenám čs. ekonomiky Výsledky prieskumu vo vybraných organizáciách ČSFR

Guardado en:
Detalles Bibliográficos
Autor principal: Staněk, Peter
Otros Autores: Komínková, Elena
Formato: Libro
Lenguaje:eslovaco
Publicado: Bratislava Výskumný ústav práce a sociálnych vecí 1991
Edición:1. vyd.
Etiquetas: Agregar Etiqueta
Sin Etiquetas, Sea el primero en etiquetar este registro!

MARC

LEADER 00000nam a2200000 4500
001 c039261
005 20221214094700.4
041 0 |a slo 
044 |a SK 
245 1 0 |a Profesijné zmeny vo vzťahu ku štrukturálnym zmenám čs. ekonomiky  |b Výsledky prieskumu vo vybraných organizáciách ČSFR  |c Peter Stanek, Elena Komínková 
250 |a 1. vyd. 
264 1 |a Bratislava  |b Výskumný ústav práce a sociálnych vecí  |c 1991 
300 |a 22 s. 
100 1 |a Staněk, Peter 
700 1 |a Komínková, Elena